Normal view
MARC view
Entry Personal Name
001 - CONTROL NUMBER
- control field: 248862
003 - CONTROL NUMBER IDENTIFIER
- control field: OSt
005 - DATE AND TIME OF LATEST TRANSACTION
- control field: 20251211130022.0
008 - FIXED-LENGTH DATA ELEMENTS
- fixed length control field: 251211|| aca||aabn | a|a d
040 ## - CATALOGING SOURCE
- Original cataloging agency: OSt
- Transcribing agency: OSt
100 ## - HEADING--PERSONAL NAME
- Personal name: AYYAR (K V)
- Dates associated with a name: ಅಯ್ಯರ್ (ಕೆ ವಿ)
670 ## - SOURCE DATA FOUND
- Source citation: Work cat.: (OSt)180133: AYYAR (K V) ಅಯ್ಯರ್ (ಕೆ ವಿ), Rupadarshi., 1983